[Event "SLO-chT2 Ost"]
[Site "Slovenia"]
[Date "2021.09.18"]
[Round "3.1"]
[White "Lukac, Ema"]
[Black "Drevensek, Doroteja"]
[Result "0-1"]
[WhiteElo "1235"]
[BlackElo "1511"]
[PlyCount "96"]
[EventDate "2021.09.11"]
[EventType "team-tourn"]
[EventRounds "9"]
[EventCountry "SLO"]
[SourceTitle "EXT 2024"]
[Source "ChessBase"]
[SourceDate "2023.10.10"]
[SourceVersion "1"]
[SourceVersionDate "2023.10.10"]
[SourceQuality "1"]
[WhiteTeam "Pomgrad SD III"]
[BlackTeam "Maribor Poligram III"]
[WhiteTeamCountry "SLO"]
[BlackTeamCountry "SLO"]

1. e4 d6 2. d4 Nf6 3. Nc3 Nbd7 4. Bd3 e5 5. Be3 Be7 6. f4 exd4 7. Bxd4 c5 8. Be3 a6 9. Nf3 b5 10. b3 Bb7 11. Nd2 Qc7 12. Qe2 Nb6 13. a3 Nfd7 14. Na2 Rc8 15. c3 Bf6 16. Rc1 Bh4+ 17. g3 Be7 18. 0-0 0-0 19. Qg4 Nf6 20. Qh3 Qd7 21. f5 g6 22. Bh6 Rfe8 23. Rf4 Qd8 24. fxg6 fxg6 25. Qe6+ Kh8 26. Qf7 Rg8 27. Nf3 Nh5 28. Rg4 Qe8 29. Qe6 Qd7 30. Qxd7 Nxd7 31. a4 Bc6 32. Rf1 Bf8 33. Bd2 Bg7 34. Ng5 Rgf8 35. Nf7+ Kg8 36. Nxd6 Rcd8 37. axb5 axb5 38. Bxb5 Bxb5 39. Rxf8+ Bxf8 40. Nxb5 Ne5 41. Rh4 Rxd2 42. Kf1 Rxa2 43. g4 Nf4 44. g5 Nfd3 45. Rh3 Ra1+ 46. Kg2 Nf4+ 47. Kg3 Nxh3 48. Kxh3 Re1 0-1

[Event "SLO-chT U20 Girls"]
[Site "Dobrna"]
[Date "2019.08.29"]
[Round "5"]
[White "Macek, Inti"]
[Black "Lukac, Ema"]
[Result "1-0"]
[WhiteElo "1128"]
[BlackElo "1045"]
[PlyCount "119"]
[EventDate "2019.08.27"]
[EventType "team-swiss"]
[EventRounds "5"]
[EventCountry "SLO"]
[SourceTitle "EXT 2020"]
[Source "ChessBase"]
[SourceDate "2019.10.17"]
[SourceVersion "1"]
[SourceVersionDate "2019.10.17"]
[SourceQuality "1"]

1. d4 d5 2. c4 e6 3. Nc3 Nf6 4. Nf3 Be7 5. Bf4 0-0 6. Nb5 Ne8 7. e3 b6 8. Bd3 a6 9. Nc3 Bb7 10. 0-0 Nf6 11. Qe2 Nbd7 12. Rac1 Rc8 13. Rfd1 c5 14. cxd5 Bxd5 15. Bxa6 Ra8 16. Bc4 Re8 17. Nb5 Bxc4 18. Qxc4 Nd5 19. Bg3 N7f6 20. dxc5 Bxc5 21. e4 Rc8 22. Qf1 Nxe4 23. Be5 Bxf2+ 24. Kh1 Be3 25. Rxc8 Nf2+ 26. Qxf2 Bxf2 27. Rxd8 Rxd8 28. Nc3 Rc8 29. Nxd5 exd5 30. h3 f6 31. Bc3 d4 32. Nxd4 Bxd4 33. Bxd4 Rd8 34. Rd2 Kf7 35. Be3 Rxd2 36. Bxd2 b5 37. Kg1 Ke6 38. Kf2 Kd5 39. Ke2 Ke4 40. b3 h5 41. a4 bxa4 42. bxa4 Kd5 43. a5 Kc6 44. Kd3 Kb5 45. Kc2 g5 46. Bxg5 fxg5 47. Kd3 g4 48. h4 Kxa5 49. Ke4 Kb4 50. Kf5 Kc4 51. Kg5 Kd4 52. Kxh5 g3 53. Kg4 Ke4 54. Kxg3 Kf5 55. Kh3 Kg6 56. g4 Kh6 57. g5+ Kg6 58. Kg4 Kh7 59. h5 Kg7 60. h6+ 1-0

[Event "SLO-chT U16 Girls"]
[Site "Nova Gorica"]
[Date "2019.05.26"]
[Round "5"]
[White "Urbanc, Tina"]
[Black "Lukac, Ema"]
[Result "1-0"]
[WhiteElo "1657"]
[BlackElo "1084"]
[PlyCount "89"]
[EventDate "2019.05.24"]
[EventType "team-swiss"]
[EventRounds "5"]
[EventCountry "SLO"]
[SourceTitle "EXT 2020"]
[Source "ChessBase"]
[SourceDate "2019.10.17"]
[SourceVersion "1"]
[SourceVersionDate "2019.10.17"]
[SourceQuality "1"]

1. d4 d5 2. Nf3 e6 3. e3 Nf6 4. Be2 Be7 5. 0-0 0-0 6. c4 b6 7. Nc3 Bb7 8. b3 Nbd7 9. Bb2 Rc8 10. Rc1 c5 11. Qc2 dxc4 12. bxc4 Qc7 13. Nb5 Qb8 14. a4 Ng4 15. h3 Bxf3 16. hxg4 Bxe2 17. Qxe2 a6 18. Nc3 cxd4 19. exd4 Bf6 20. Ne4 Qf4 21. Ba3 Rfd8 22. Bd6 e5 23. c5 bxc5 24. dxc5 Qh6 25. Qxa6 Bg5 26. Nxg5 Qxg5 27. Qe2 Rc6 28. Rc2 Nf6 29. Qxe5 Qg6 30. Rb2 Rcc8 31. Qf5 Qh6 32. g5 Qh5 33. Be7 Ng4 34. Bd6 Rc6 35. Qf4 f5 36. gxf6 gxf6 37. Rb7 Rcc8 38. f3 Rxd6 39. Qxg4+ Qxg4 40. fxg4 Rxc5 41. Re1 Rc8 42. Ree7 Rd4 43. Rg7+ Kf8 44. Rxh7 Rxa4 45. Rh8# 1-0

[Event "SLO-chT U16 Girls"]
[Site "Nova Gorica"]
[Date "2019.05.25"]
[Round "2"]
[White "Grilanc, Luna"]
[Black "Lukac, Ema"]
[Result "0-1"]
[WhiteElo "1349"]
[BlackElo "1084"]
[PlyCount "58"]
[EventDate "2019.05.24"]
[EventType "team-swiss"]
[EventRounds "5"]
[EventCountry "SLO"]
[SourceTitle "EXT 2020"]
[Source "ChessBase"]
[SourceDate "2019.10.17"]
[SourceVersion "1"]
[SourceVersionDate "2019.10.17"]
[SourceQuality "1"]

1. d4 d5 2. Nf3 e6 3. Nc3 Nf6 4. e3 Be7 5. Be2 0-0 6. 0-0 b6 7. Bd2 Bb7 8. Bd3 Nbd7 9. e4 dxe4 10. Nxe4 Bxe4 11. Bxe4 Nxe4 12. Bf4 Bg5 13. Re1 Bxf4 14. Rxe4 Qf6 15. c3 Rfd8 16. g3 Bg5 17. Rc1 Bxc1 18. Qxc1 Qxf3 19. Re3 Qf6 20. Re4 e5 21. h3 exd4 22. cxd4 c5 23. d5 Re8 24. Rg4 Ne5 25. Rf4 Qh6 26. a3 Qxh3 27. Qc3 Ng4 28. Qd3 Re1+ 29. Qf1 Rxf1# 0-1

[Event "SLO-ch 29th"]
[Site "Radenci"]
[Date "2019.05.03"]
[Round "8"]
[White "Jelen, Anja"]
[Black "Lukac, Ema"]
[Result "1/2-1/2"]
[WhiteElo "1309"]
[BlackElo "1084"]
[PlyCount "75"]
[EventDate "2019.04.27"]
[EventType "swiss"]
[EventRounds "9"]
[EventCountry "SLO"]
[SourceTitle "CBM 190 Extra"]
[Source "ChessBase"]
[SourceDate "2019.07.15"]
[SourceVersion "1"]
[SourceVersionDate "2019.07.15"]
[SourceQuality "1"]

1. e4 c5 2. c3 d6 3. d4 cxd4 4. cxd4 Nf6 5. Nc3 e6 6. Nf3 Be7 7. Bg5 a6 8. Be2 Nbd7 9. 0-0 0-0 10. Rc1 b5 11. a3 Bb7 12. Bxf6 Nxf6 13. Qd3 Rc8 14. Nd2 Qb6 15. Nb3 Ba8 16. e5 dxe5 17. dxe5 Rfd8 18. Qg3 Nd5 19. Kh1 Nxc3 20. Rxc3 Rxc3 21. Qxc3 Qc6 22. Qxc6 Bxc6 23. Rd1 Rxd1+ 24. Bxd1 Bd5 25. f4 Bxb3 26. Bxb3 Bc5 27. Bc2 a5 28. a4 bxa4 29. Bxa4 Kf8 30. g3 f6 31. exf6 gxf6 32. Kg2 Kg7 33. Bb3 Bd4 34. Bxe6 Bxb2 35. Bb3 Bd4 36. Kf3 Kg6 37. g4 h5 38. h3 1/2-1/2

[Event "SLO-ch 29th"]
[Site "Radenci"]
[Date "2019.04.28"]
[Round "3"]
[White "Lukac, Ema"]
[Black "Drevensek, Doroteja"]
[Result "0-1"]
[WhiteElo "1084"]
[BlackElo "1360"]
[PlyCount "110"]
[EventDate "2019.04.27"]
[EventType "swiss"]
[EventRounds "9"]
[EventCountry "SLO"]
[SourceTitle "CBM 190 Extra"]
[Source "ChessBase"]
[SourceDate "2019.07.15"]
[SourceVersion "1"]
[SourceVersionDate "2019.07.15"]
[SourceQuality "1"]

1. e4 d6 2. d4 Nf6 3. Nc3 Nbd7 4. Nf3 e5 5. Be2 Be7 6. 0-0 0-0 7. Re1 c6 8. Bf1 b5 9. Qd3 b4 10. Ne2 c5 11. c3 a5 12. Ng3 g6 13. h3 Re8 14. Bh6 Bf8 15. Qd2 Bg7 16. Bxg7 Kxg7 17. Qg5 Kh8 18. Qh6 Ng8 19. Qe3 f6 20. Bc4 Bb7 21. Bxg8 Kxg8 22. Qh6 Qe7 23. Qh4 Qf7 24. Qg4 h5 25. Nxh5 exd4 26. cxd4 cxd4 27. Ng3 Ne5 28. Nxe5 dxe5 29. Nf5 Qh7 30. Nh4 g5 31. Nf5 Bc8 32. Rac1 Bxf5 33. Qxf5 Qxf5 34. exf5 Rac8 35. Kf1 d3 36. Rcd1 Red8 37. f3 d2 38. Re2 Rc1 39. Rexd2 Rxd1+ 40. Rxd1 Rxd1+ 41. Kf2 Rd2+ 42. Ke3 Rxb2 43. g4 Rxa2 44. Kd3 Ra3+ 45. Ke4 Rc3 46. Kd5 b3 47. Ke6 b2 48. Kxf6 b1Q 49. Kxg5 Qc1+ 50. Kh5 Rxf3 51. h4 Qf4 52. f6 Rg3 53. g5 Qg4+ 54. Kg6 Qe4+ 55. Kh5 Qh7# 0-1

[Event "SLO-chT U16 Girls"]
[Site "Murska Sobota"]
[Date "2018.05.12"]
[Round "3"]
[White "Lukac, Ema"]
[Black "Casar, Zala"]
[Result "0-1"]
[WhiteElo "1007"]
[BlackElo "1093"]
[PlyCount "120"]
[EventDate "2018.05.11"]
[EventType "team-tourn"]
[EventRounds "5"]
[EventCountry "SLO"]
[SourceTitle "EXT 2020"]
[Source "ChessBase"]
[SourceDate "2019.10.17"]
[SourceVersion "1"]
[SourceVersionDate "2019.10.17"]
[SourceQuality "1"]

1. e4 e5 2. Nf3 Nc6 3. Bb5 d6 4. c3 Be7 5. 0-0 Nf6 6. h3 0-0 7. Re1 Be6 8. d4 a6 9. Ba4 b5 10. Bc2 exd4 11. cxd4 d5 12. exd5 Bxd5 13. Nc3 Bb4 14. Bd2 Bxf3 15. Qxf3 Nxd4 16. Qd3 Nxc2 17. Qxc2 Bxc3 18. Bxc3 Nd5 19. Rad1 c6 20. Qf5 Qc8 21. Qg5 Nxc3 22. bxc3 h6 23. Qf4 Re8 24. Qd4 Rxe1+ 25. Rxe1 Qd8 26. Qe4 Qd5 27. Qe7 Qxa2 28. Qb7 Rd8 29. Qxc6 Qd2 30. Ra1 Rd6 31. Qc8+ Kh7 32. Rxa6 Rxa6 33. Qxa6 Qb2 34. Qc6 Qc1+ 35. Kh2 Qf4+ 36. Kg1 Qc4 37. Qxc4 bxc4 38. Kf1 Kg6 39. Ke2 Kf5 40. Ke3 Ke5 41. f4+ Kd5 42. g4 g6 43. h4 f6 44. Kf3 f5 45. gxf5 gxf5 46. h5 Kc5 47. Ke2 Kb5 48. Ke3 Ka4 49. Kd4 Kb3 50. Kc5 Kxc3 51. Kd5 Kd3 52. Ke5 c3 53. Kxf5 c2 54. Kg6 c1Q 55. f5 Qg5+ 56. Kh7 Qxh5 57. f6 Qf7+ 58. Kh8 Qxf6+ 59. Kg8 Qe7 60. Kh8 Ke4 0-1

[Event "EU Union-ch U08 13th"]
[Site "Mureck"]
[Date "2015.08.13"]
[Round "9"]
[White "Szigeti, Adam"]
[Black "Lukac, Ema"]
[Result "1-0"]
[WhiteElo "895"]
[BlackElo "800"]
[PlyCount "71"]
[EventDate "2015.08.05"]
[EventType "swiss"]
[EventRounds "9"]
[EventCountry "AUT"]
[SourceTitle "EXT 2016"]
[Source "ChessBase"]
[SourceDate "2015.10.08"]
[SourceVersion "1"]
[SourceVersionDate "2015.10.08"]
[SourceQuality "1"]

1. e4 c5 2. Nf3 d6 3. Bc4 Nf6 4. Nc3 e6 5. 0-0 Be7 6. Bb3 0-0 7. d3 a6 8. e5 dxe5 9. Nxe5 Bd6 10. Bf4 Nh5 11. Qxh5 g6 12. Qh6 Qc7 13. Rfe1 f6 14. Nxg6 hxg6 15. Bxd6 Qxd6 16. Ne4 Qe7 17. Qxg6+ Qg7 18. Qh5 b6 19. Nd6 Bd7 20. Qh3 Nc6 21. c3 Ne5 22. f4 Ng4 23. f5 Rad8 24. fxe6 Bc8 25. e7+ Rf7 26. exd8N Kf8 27. Bxf7 Bd7 28. Be6 Ne5 29. Bxd7 Qxd7 30. Qh8+ Ke7 31. Rf1 Qxd6 32. d4 cxd4 33. cxd4 Qxd4+ 34. Rf2 Nd3 35. Nc6+ Ke6 36. Nxd4+ 1-0